00516nam a22001937a 4500003000500000005001700005008004100022010001000063011001000073035001000083040000900093082001500102100002000117245006200137260004600199300003100245650001800276700002800294CHAP20220329134156.0971013s1979 r 00010 d a16563 a17535 a21618 cCHAP a633.11bH600aHoward, Albert. aWheat in India; its production, varieties and improvement aCalcutta, Thacker :bSpink and Co.,c1979 a288 p.b: mapas : gráfs.14aTrigoxIndia.0 aHoward, Gabrielle L. C.